Featurings avec Alpha Wann - Statistiques

Statistiques générales
  • Ce quiz a été pris 108 fois
    106 depuis la dernière actualisation
  • Le résultat moyen est 30 sur 76
Statistiques - réponses
Hint Réponse % Correct
NY à fond Freeze Corleone
92%
soldat tue soldat Kaaris | Infinit'
92%
Rap catéchisme Freeze Corleone
88%
aaa Nekfeu
88%
Vinyle Nekfeu
85%
3095 pt2 3010 | Nekfeu
81%
Stuntmen Laylow | Wit.
81%
pistons vs pacers Kalash Criminel
80%
Ingé son Kekra | La Fève
80%
Immunité diplomatique Deen Burbigo
75%
Compte les hommes Nekfeu
75%
Parachute Chanel Sneazzy
75%
Panorama Jazzy Bazz
71%
Cigarette 2 haine Infinit'
67%
Rotation Lesram
67%
Mc Gregor Infinit' | Rim'K
65%
Isuzu TH 93
65%
99 en peuf Kyo Itachi
64%
Vamonos Laylow
64%
La Lumière dans le Noir Doums
60%
dirty dancing Infinit' | Deen Burbigo
60%
T'as capté Sneazzy | S.Pri Noir
60%
Point d'interrogation Nekfeu
57%
À deux pas Nekfeu
56%
Le Tour Infinit'
53%
Étincelles Sneazzy | S.Pri Noir | Nekfeu
53%
20.000 EDGE
51%
Le Singe Fume Sa Cigarette Lomepal | Caballero | Hologram Lo' | Nekfeu | JeanJass | Walter | Kéroué | Seven | Ysha | Senamo
51%
Devil may Cry Rowjay
51%
trapchat VEUST
49%
Kim K Doums
48%
Phoenix Norsacce Berlusconi
45%
Bolo Yeung Osirus Jack
44%
Sur ma vie Nemir
43%
1500 OG L'enf
43%
Lunettes noires S.Pri Noir
41%
XX Files Jungle Jack
40%
Formule 1 Stavo
40%
Insomnie Jazzy Bazz | Esso Luxueux
39%
Courchevel K.S.A
37%
CAC 40 VEUST | Ratu$ |Saboteur
36%
Fugees Diabi
31%
Bitcoin Hologram Lo' | Huntrill
29%
Don Zoozoo 2zer
28%
Sex, Drug & Rock'n'roll Georgio | Hologram Lo' | Vald | Lomepal
28%
Vivre bien Infinit'
28%
50 euros Niro
27%
CDG Richie Beats
25%
Double Dose KR Malsain
24%
Parle moi de benef' Infinit'
21%
Tu sais Krisy
21%
15 flows Sango | Disiz | Orelsan | Gringe | Jazzy Bazz | Deen Burbigo | Espiiem | Nekfeu | Kema
21%
Jolie demoiselle 2.0 Key Largo
20%
Plan Prince Waly
20%
Réunion Ratu$ | Infinit' | K.S.A
20%
Christian E. Remix Infinit' | Nekfeu | Alkpote | Greg Frite | Millionnaire | Jeune Zmaël | Eff Gee | Mr Agaz
15%
Trap House Rim'K
15%
Parle pas trop Sneazzy | Caballero | Doums
15%
Détail Roshi
13%
Première Classe VEUST
13%
Jeunes retraités Doums
11%
Golf Makala
11%
Quand on chausse les crampons Monsieur Nov
11%
Wake Up Nemir
11%
Clean Sheet 88KVLY
9%
Psp (plaques sur plaques) Blaz Pit | VEUST | Ratu$
9%
Ma iv Deen Burbigo | Nekfeu | Jazzy Bazz
9%
4 chemins VEUST
9%
L'heure de l'orage Eff Gee | Nekfeu
8%
Rov or Benz Hologram Lo' | Prince Waly
7%
Inner Démons Caballero
5%
Qu'est-Ce Que Tu Nous Proposes ? Caballero | JeanJass | Ysha
5%
Le sac est plein Infinit'
5%
Chienne de vie Lomepal
4%
10x10x10 Eff Gee
3%
Les Notes de Frais Wacko
0%
Aucun quiz correspondant
Distribution des résultats
% des personnes avec chaque résultat
Percentile par nombre de réponses
Votre historique - résultats
Vous n’avez pas pris ce quiz depuis la dernière actualisation